Waves of war nationalism, state formation, and ethnic exclusion in the modern world (Registro nro. 164470)

Detalles MARC
000 -ENCABEZADO
Número de control [NR] 00946nam a22002417a 4500
005 - FECHA Y HORA DE LA ÚLTIMA TRANSACCIÓN
control field 20211112084353.0
008 - DE LONGITUD FIJA DE DATOS DE ELEMENTOS - INFORMACIÓN GENERAL
Elementos de longitud fija [NR] 130821s2013 enkd gr eng
020 ## - NUMERO INTERNACIONAL NORMALIZADO PARA LIBROS [R]
Número Internacional Normalizado del libro [NR] 9781107025554
040 ## - FUENTE DE CATALOGACION [NR]
Agencia de catalogación original [NR] CO-BoUCM
Idioma de catalogación [NR] spa
Quien Cataloga Jose A. Gerena (modificó)
Quien Clasifica Aldemar Mondragón
041 00 - CODIGO DE IDIOMA [R]
Código de idioma para texto/pista de sonido o título separado [R] Inglés
100 1# - ASIENTO PRINCIPAL--NOMBRE PERSONAL [NR]
Nombre personal [NR] Wimmer, Andreas
ID Autoridad 29144
245 10 - MENCION DE TITULO [NR]
Título [NR] Waves of war nationalism, state formation, and ethnic exclusion in the modern world
Mención de responsabilidad, etc. [NR] Andreas Wimmer
260 ## - PUBLICACION, DISTRIBUCION, ETC. (PIE DE IMPRENTA) [R]
Lugar de publicación, distribución, etc. [R] Cambridge (Inglaterra)
Nombre del editor, distribuidor, etc. [R] Cambridge University press
Fecha de publicación, distribución, etc. [R] 2013
300 ## - DESCRIPCION FISICA [R]
Extensión [R] xi, 325 páginas
Otros detalles físicos [NR] tablas
490 0# - MENCION DE SERIE [R]
Mención de serie [R] Cambridge Studies in Comparative Politics
504 ## - NOTA DE BIBLIOGRAFIA, ETC. [R]
Nota de bibliografía, etc. [NR] Incluye referencias bibliográficas e índices
650 #7 - ASIENTO SECUNDARIO DE MATERIA - TERMINO TEMATICO [R]
Término temático o nombre geográfico como elemento de entrada [NR] Ciencia política
9 (RLIN) 340
650 #7 - ASIENTO SECUNDARIO DE MATERIA - TERMINO TEMATICO [R]
Término temático o nombre geográfico como elemento de entrada [NR] Estado
Subdivisión general [R] Historia
Subdivisión cronológica [R] Siglo XX
9 (RLIN) 29150
650 #7 - ASIENTO SECUNDARIO DE MATERIA - TERMINO TEMATICO [R]
Término temático o nombre geográfico como elemento de entrada [NR] Nacionalismo
Subdivisión general [R] Historia
Subdivisión cronológica [R] Siglo XX
9 (RLIN) 29149
690 ## - ASUNTO AGREGADO LOCAL DE ENTRADA - TÉRMINO TEMÁTICO (OCLC, RLIN)
Acceso temático local Ciencia política
9 (RLIN) 340
942 ## - ELEMENTOS DE ENTRADA AGREGADOS (KOHA)
Tipo de ítem principal el descrito en 300a Libro
Tema principal Ciencia política
Edición 1
Parte restante de la signatura top. W757w
Sistema de clasificación DEWEY
Clasificación 320.540904
Existencias
Fecha de último préstamo Total préstamos Total Renewals Signatura topográfica Código de barras Última vez visto Ejemplar Costo de reposición Price effective from Tipo de ítem Perdido Sistema de clasificación Dañado No prestable Tipo de ítem específico Suprimido Ubicación habitual Ubicación actual Localización Fecha de creación Proveedor Forma de adquisición Costo
17/01/2019 3 1 320.540904 W757w 100137730 05/06/2024 Ej.2 55900.00 05/11/2013 Libro   DEWEY     Libro   Bodega Bodega 3er piso 05/11/2013 15 Compra 55900.00